| 000 | 01015nam a2200301 a 4500 | ||
|---|---|---|---|
| 999 |
_c99331 _d99331 |
||
| 001 | 3574168 | ||
| 003 | ARRUPE | ||
| 005 | 20170601085905.0 | ||
| 008 | 981210s1996 rh ab b 001 0 eng | ||
| 010 | _a 98982426 | ||
| 020 | _a1779060165 | ||
| 040 |
_aDLC _cDLC |
||
| 041 | 0 | _aengsho | |
| 042 | _alcode | ||
| 043 | _af-rh--- | ||
| 050 | 0 | 0 |
_aDT2913.S55 _bI57 1996 |
| 245 | 0 | 0 |
_aIntroduction to Shona culture / _cSolomon Mangwiro Mutswairo ... [et al.]. |
| 260 |
_a[Kadoma] Zimbabwe : _bJuta Zimbabwe (Pvt), _cc1996. |
||
| 300 |
_aix, 130 p. : _bill., maps ; _c21 cm. |
||
| 504 | _aIncludes bibliographical references and index. | ||
| 546 | _aIn English, with some Shona. | ||
| 650 | 0 |
_aShona (African people) _xSocial life and customs. _930981 |
|
| 700 | 1 |
_aMutswairo, Solomon M. _924352 |
|
| 906 |
_a7 _bcbc _corigode _d3 _encip _f19 _gy-gencatlg |
||
| 942 |
_2lcc _cMONOGRAPH |
||